Postavenie a perspektívy rozvoja Blízkeho a Stredného východu vo svetovom hospodárstve dizertačná práca

Uložené v:
Podrobná bibliografia
Hlavný autor: Havlová, Katarína
Korporativný autor: Fakulta medzinárodných vzťahov EU. Katedra svetovej ekonomiky
Ďalší autori: Lysák, Ladislav
Médium: Kniha
Jazyk:Slovak
Vydavateľské údaje: Bratislava 2007
Predmet:
Tagy: Pridať tag
Žiadne tagy, Buďte prvý, kto otaguje tento záznam!

MARC

LEADER 00000nam$a2200000$$$4500
001 0065989
005 20240318125744.7
041 0 |a slo 
044 |a SK 
245 1 0 |a Postavenie a perspektívy rozvoja Blízkeho a Stredného východu vo svetovom hospodárstve  |b dizertačná práca  |c Katarína Havlová ; škol. Ladislav Lysák 
264 1 |a Bratislava  |c 2007 
300 |a 195 s. 
610 2 0 |a hospodárstvo svetové 
610 2 0 |a hospodárstvo národné 
610 2 0 |a Blízky východ 
610 2 0 |a Stredný východ 
610 2 0 |a spolupráca hospodárska medzinárodná 
610 2 0 |a vzťahy hospodárske medzinárodné 
100 1 |a Havlová, Katarína 
700 1 |a Lysák, Ladislav 
710 2 |a Fakulta medzinárodných vzťahov EU. Katedra svetovej ekonomiky